000 00336nam a2200121Ia 4500
008 230907s9999||||xx |||||||||||||| ||und||
082 _a891.4392
_bBAI
245 0 _aایک چادر میلی سی , Aik chadar mli se /
260 _a7th Sky Publications,
_bLahore :
_c2014
300 _a116 p.
650 _aUrdu Literature
942 _cBK
999 _c599730
_d599730